Statystyki dla Państwa świata z literą R

Kliknij tutaj aby rozwiązać quiz!

Ogólne statystyki

  • Ten quiz został rozwiązany 1 105 razy
  • Średni wynik to 61 z 85

Statystyki odpowiedzi

Państwa% Poprawnych
Rosja
98%
Rumunia
92%
Australia
90%
Argentyna
89%
Austria
88%
Republika Południowej Afryki
88%
Brazylia
87%
Grecja
87%
Francja
86%
Korea Północna
86%
Korea Południowa
86%
Norwegia
86%
Portugalia
86%
Turcja
86%
Arabia Saudyjska
83%
Armenia
83%
Irlandia
83%
Ukraina
82%
Gruzja
81%
Urugwaj
81%
Wielka Brytania
81%
Irak
80%
Andora
79%
Białoruś
79%
Iran
79%
Maroko
79%
Paragwaj
79%
Serbia
79%
Chorwacja
78%
Demokratyczna Republika Konga
78%
Republika Środkowoafrykańska
78%
Azerbejdżan
77%
Peru
77%
Algieria
76%
Bułgaria
76%
Szwajcaria
76%
Turkmenistan
76%
Zjednoczone Emiraty Arabskie
76%
Rwanda
75%
Czarnogóra
74%
Kirgistan
73%
Niger
73%
Republika Zielonego Przylądka
73%
Nigeria
72%
Węgry
72%
Madagaskar
71%
San Marino
71%
Izrael
70%
Bośnia i Hercegowina
69%
Cypr
69%
Jordania
69%
Luksemburg
69%
Erytrea
68%
Honduras
68%
Katar
68%
Kostaryka
67%
Ekwador
66%
Gwinea Równikowa
65%
Mauretania
65%
Sri Lanka
65%
Syria
65%
Bahrajn
64%
Kamerun
63%
Antigua i Barbuda
62%
Wybrzeże Kości Słoniowej
62%
Wyspy Marshalla
62%
Barbados
61%
Burundi
61%
Mauritius
61%
Surinam
61%
Brunei
60%
Nikaragua
60%
Trynidad i Tobago
60%
Burkina Faso
59%
Grenada
59%
Singapur
59%
Salwador
58%
Liberia
57%
Mikronezja
57%
Kiribati
56%
Komory
55%
Sierra Leone
55%
Timor Wschodni
53%
Saint Vincent i Grenadyny
50%
Nauru
49%

Rozkład punktacji

Percentyl według liczby udzielonych odpowiedzi

Procent ludzi z każdym wynikiem

Twoja historia wyników

Nie rozwiązałeś tego quizu